003940000a2200109000450024501180000004100130011870000230013170000170015470000210017110000190019277300730021110aAnnual changes of rainfall and temperature in the tropical seasonal forest at La Macarena field station, Colombia0 aInglés1 aNishimura, Akisato1 aIzawa, Kosei1 aMejia, Carlos A.1 aKimura, Koshin1 tField Studies of Fauna and Flora La Macarena, Colombiaq1-3d1994g9